| 000 | 00845nam a22002417a 4500 | ||
|---|---|---|---|
| 005 | 20250703143133.0 | ||
| 007 | cr |||aaa||||| | ||
| 008 | 250614s2019 ck|adjof z||| 001 e spa d | ||
| 020 | _a9789587223934 | ||
| 040 |
_aMX-MxUPN _bspa _cMX-MxUPN _eaacr2 |
||
| 041 | _aspa | ||
| 050 | _aH62 | ||
| 100 |
_aBedoya, Olga Lucía _956998 |
||
| 245 |
_aMetodología relacional en investigación cualitativa : _bmás allá del análisis _h[recurso electrónico en línea] |
||
| 260 |
_aPereira, Colombia : _bUniversidad Tecnológica de Pereira, _c2019 |
||
| 300 |
_a1 recurso electrónico (52 páginas) : _bPDF |
||
| 490 | _aTextos Académicos | ||
| 650 | 4 |
_aInvestigación cualitativa _97104 |
|
| 650 | 4 |
_aSociología _95756 |
|
| 856 | _uhttps://hdl.handle.net/11059/15399 | ||
| 902 | _aMaiella Martínez / 14062025 | ||
| 942 |
_2lcc _cLIBRO-E |
||
| 999 |
_c213519 _d213519 |
||